[Event "PHI-ch op"]
[White "Makinano, Anthony"]
[Black "Young, Angelo"]
[Site "Mactan City"]
[Round "7"]
[Result "1-0"]
[Date "2021.12.12"]
[WhiteElo "2278"]
[BlackElo "2321"]
[PlyCount "111"]
[EventDate "2021.12.09"]
[EventType "swiss"]
[EventRounds "9"]
[EventCountry "PHI"]
[SourceTitle "CBM 205 Extra"]
[Source "ChessBase"]
[SourceDate "2022.01.31"]
[SourceVersion "1"]
[SourceVersionDate "2022.01.31"]
[SourceQuality "1"]

1. d4 Nf6 2. c4 g6 3. Nc3 Bg7 4. e4 0-0 5. Bg5 c5 6. dxc5 Na6 7. Qd2 Nxc5 8. f3 d6 9. 0-0-0 Be6 10. Nh3 b5 11. Nxb5 a6 12. Nd4 Qb6 13. Bh6 Bxh6 14. Qxh6 Rab8 15. Qd2 Bxh3 16. gxh3 Rfc8 17. Qc2 e5 18. Nb3 Nxb3+ 19. Qxb3 Qa5 20. Qa3 Qxa3 21. bxa3 Rb6 22. Bd3 Nd7 23. Kc2 Rcb8 24. Kc3 Kf8 25. Rd2 Ke7 26. Rhd1 Nc5 27. Bc2 g5 28. Rg1 h6 29. h4 f6 30. hxg5 fxg5 31. h4 Rf8 32. Bd1 gxh4 33. Rg4 Rf4 34. Rh2 Rb1 35. Kc2 Ra1 36. Rhxh4 Rxa2+ 37. Kb1 Rd2 38. Bc2 Ne6 39. Rxf4 exf4 40. e5 dxe5 41. Be4 Nd4 42. Rxh6 a5 43. c5 Rd1+ 44. Kb2 Rd2+ 45. Kc3 Ra2 46. Kc4 Rxa3 47. Kd5 Rc3 48. c6 a4 49. Kxe5 Nxf3+ 50. Kxf4 Nd2 51. Bd5 Rc1 52. Rh7+ Kd8 53. Ra7 Nb3 54. Ke5 Nd2 55. Kd6 Nc4+ 56. Bxc4 1-0

[Event "PHI-ch op"]
[White "Makinano, Anthony"]
[Black "Rosaupan, Carlo Magno"]
[Site "Mactan City"]
[Round "3"]
[Result "1-0"]
[Date "2021.12.10"]
[WhiteElo "2278"]
[BlackElo "2012"]
[PlyCount "51"]
[EventDate "2021.12.09"]
[EventType "swiss"]
[EventRounds "9"]
[EventCountry "PHI"]
[SourceTitle "CBM 205 Extra"]
[Source "ChessBase"]
[SourceDate "2022.01.31"]
[SourceVersion "1"]
[SourceVersionDate "2022.01.31"]
[SourceQuality "1"]

1. e4 c5 2. Nc3 a6 3. g3 Nc6 4. Bg2 g6 5. Nge2 Bg7 6. d3 d6 7. Rb1 e6 8. a3 Nge7 9. b4 Nd4 10. 0-0 0-0 11. Nxd4 cxd4 12. Ne2 Bd7 13. Bb2 Qb6 14. Qd2 e5 15. c3 Bg4 16. cxd4 Bxe2 17. Qxe2 exd4 18. f4 d5 19. e5 Rad8 20. Rfc1 f6 21. Rc5 fxe5 22. fxe5 Rf5 23. Bxd4 Nc6 24. Bf2 Bxe5 25. Bxd5+ Kh8 26. Bxc6 1-0

[Event "Asia-ch 6th"]
[White "Makinano, Anthony"]
[Black "Nouri, Hamed"]
[Site "Cebu"]
[Round "9"]
[Result "0-1"]
[Date "2007.09.27"]
[WhiteElo "2317"]
[BlackElo "2426"]
[PlyCount "84"]
[EventDate "2007.09.19"]
[EventType "swiss"]
[EventRounds "11"]
[EventCountry "PHI"]
[SourceTitle "CBM 120 Extra"]
[Source "ChessBase"]
[SourceDate "2007.11.01"]
[SourceVersion "1"]
[SourceVersionDate "2007.11.01"]
[SourceQuality "1"]

1. d4 c5 2. d5 e5 3. c4 d6 4. Nc3 g6 5. h4 h6 6. e4 Bg7 7. h5 Nf6 8. hxg6 fxg6 9. Be2 Nbd7 10. Be3 a6 11. Qd2 g5 12. 0-0-0 Nf8 13. g3 Qe7 14. f4 exf4 15. gxf4 Nxe4 16. Bh5+ Kd7 17. Nxe4 Qxe4 18. Qe2 Kc7 19. Bf3 Qf5 20. Qg2 g4 21. Be4 Qf6 22. Rd2 h5 23. Ne2 Bd7 24. Bxc5 dxc5 25. d6+ Kd8 26. Bxb7 Rb8 27. Nc3 Ne6 28. Rf1 Nd4 29. Ne4 Qf5 30. Bd5 Be6 31. Bxe6 Qxe6 32. Kb1 Re8 33. Ng5 Qe1+ 34. Rd1 Qe2 35. Rd2 Qxg2 36. Rxg2 Kd7 37. f5 Nxf5 38. Rd2 Nd4 39. a3 Rf8 40. Rh1 Bh6 41. Rxh5 Rf1+ 42. Ka2 Nb3 0-1

[Event "Asia-ch 6th"]
[White "Makinano, Anthony"]
[Black "Bancod, Ronald"]
[Site "Cebu"]
[Round "5"]
[Result "0-1"]
[Date "2007.09.23"]
[WhiteElo "2317"]
[BlackElo "2373"]
[PlyCount "88"]
[EventDate "2007.09.19"]
[EventType "swiss"]
[EventRounds "11"]
[EventCountry "PHI"]
[SourceTitle "CBM 120 Extra"]
[Source "ChessBase"]
[SourceDate "2007.11.01"]
[SourceVersion "1"]
[SourceVersionDate "2007.11.01"]
[SourceQuality "1"]

1. d4 d5 2. Nf3 Nc6 3. Bf4 Bg4 4. Nbd2 e6 5. c3 Bd6 6. Bxd6 cxd6 7. Qb3 Nge7 8. g3 0-0 9. h3 Bxf3 10. Nxf3 b5 11. Bg2 Rb8 12. a3 a5 13. 0-0 b4 14. cxb4 axb4 15. a4 Qb6 16. e3 Na5 17. Qd3 h6 18. Rfc1 b3 19. Nd2 Nec6 20. Bf3 Nb4 21. Qb5 Qa7 22. Qf1 Nc2 23. Rab1 Rfc8 24. Bd1 Qd7 25. Nxb3 Nxe3 26. fxe3 Nxb3 27. Rxc8+ Qxc8 28. Qd3 Qc4 29. Bc2 g6 30. Qc3 Qxa4 31. Qc7 Qe8 32. Qxd6 Nd2 33. Ra1 Rxb2 34. Qc7 Qb8 35. Qxb8+ Rxb8 36. Ra7 Rb2 37. Rc7 Nc4 38. Ba4 Nxe3 39. Be8 Ra2 40. Kh1 Rf2 41. g4 Kf8 42. Rc8 Ke7 43. Ba4 Rd2 44. Rc7+ Kf8 0-1

[Event "Singapore Masters 3rd"]
[White "Chan, Yi Ren Daniel"]
[Black "Makinano, Anthony"]
[Site "Singapore"]
[Round "8"]
[Result "0-1"]
[Date "2006.12.29"]
[WhiteElo "2051"]
[BlackElo "2337"]
[PlyCount "72"]
[EventDate "2006.12.26"]
[EventType "swiss"]
[EventRounds "9"]
[EventCountry "SIN"]
[SourceTitle "CBM 116 Extra"]
[Source "ChessBase"]
[SourceDate "2007.03.07"]
[SourceVersion "1"]
[SourceVersionDate "2007.03.07"]
[SourceQuality "1"]

1. e4 e5 2. Nf3 Nc6 3. d4 exd4 4. Bc4 Nf6 5. 0-0 Be7 6. Nxd4 Nxd4 7. Qxd4 d6 8. Nc3 0-0 9. Kh1 Be6 10. Bb3 Ng4 11. h3 c5 12. Qd1 Nxf2+ 13. Rxf2 c4 14. Ba4 a6 15. Be3 b5 16. Bxb5 axb5 17. Nxb5 Qd7 18. Nd4 Bxh3 19. Nf5 Bxf5 20. exf5 Ra5 21. Qf3 Bf6 22. c3 Rfa8 23. Bd4 Bxd4 24. cxd4 d5 25. f6 Qd6 26. Qg4 g6 27. a3 Re8 28. Raf1 Raa8 29. Rf4 Rab8 30. Qg5 Rxb2 31. Rh4 Re4 32. Rh2 Qf4 33. Qxf4 Rxf4 34. Kg1 Rxf1+ 35. Kxf1 c3 36. Ke1 Rb1+ 0-1

[Event "Manila PGMA Cup 1st"]
[White "Makinano, Anthony"]
[Black "Quizon, Loreshyl"]
[Site "Manila"]
[Round "7"]
[Result "1-0"]
[Date "2006.11.21"]
[WhiteElo "2337"]
[BlackElo "2077"]
[PlyCount "85"]
[EventDate "2006.11.17"]
[EventType "swiss"]
[EventRounds "9"]
[EventCountry "PHI"]
[SourceTitle "CBM 115 Extra"]
[Source "ChessBase"]
[SourceDate "2007.01.10"]
[SourceVersion "1"]
[SourceVersionDate "2007.01.10"]
[SourceQuality "1"]

1. d4 d5 2. c4 c6 3. Nc3 Nf6 4. Nf3 dxc4 5. a4 Bf5 6. Ne5 e6 7. Nxc4 Na6 8. g3 Nb4 9. Na3 e5 10. dxe5 Qxd1+ 11. Nxd1 Ng4 12. Bh3 0-0-0 13. 0-0 Bc5 14. Bg5 Rd7 15. Rc1 b6 16. Rc4 Ne3 17. Bxf5 Nxf5 18. Nc3 h6 19. Bf4 g5 20. Bc1 Re8 21. Re4 Rde7 22. Nc4 Nd5 23. e3 Nxc3 24. bxc3 Ng7 25. f3 Kc7 26. Rd1 Rd8 27. Rxd8 Kxd8 28. Kf1 Kc7 29. Ke2 Ne8 30. Ba3 Bxa3 31. Nxa3 b5 32. axb5 cxb5 33. Nxb5+ Kb6 34. Na3 Nc7 35. f4 Nd5 36. Kd2 g4 37. Rd4 Kc5 38. Nc4 Rb7 39. e4 Ne7 40. Kc2 Nc6 41. Nd6 Rd7 42. Rd5+ Kb6 43. Nf5 1-0

[Event "Manila PGMA Cup 1st"]
[White "Makinano, Anthony"]
[Black "Bitoon, Richard"]
[Site "Manila"]
[Round "2"]
[Result "1/2-1/2"]
[Date "2006.11.18"]
[WhiteElo "2337"]
[BlackElo "2433"]
[PlyCount "120"]
[EventDate "2006.11.17"]
[EventType "swiss"]
[EventRounds "9"]
[EventCountry "PHI"]
[SourceTitle "CBM 115 Extra"]
[Source "ChessBase"]
[SourceDate "2007.01.10"]
[SourceVersion "1"]
[SourceVersionDate "2007.01.10"]
[SourceQuality "1"]

1. d4 Nf6 2. Nf3 e6 3. c4 b6 4. g3 Ba6 5. Qa4 c5 6. Bg2 Bb7 7. 0-0 cxd4 8. Nxd4 Bxg2 9. Kxg2 Qc8 10. Nc3 Be7 11. Bf4 Qb7+ 12. f3 a6 13. e4 0-0 14. Rfd1 Rc8 15. Rd3 d6 16. Nde2 Ne8 17. Rad1 Nd7 18. R3d2 Nc5 19. Qc2 h6 20. Qb1 Bf8 21. e5 g5 22. exd6 Nd7 23. Be3 Ne5 24. Qe4 Qxe4 25. Nxe4 Nxc4 26. Bf2 Nxd2 27. Rxd2 f5 28. d7 fxe4 29. dxc8Q Rxc8 30. Bxb6 Nd6 31. b3 Kf7 32. fxe4 Nxe4 33. Rd7+ Kg6 34. Rd4 Nd6 35. Ra4 Rc6 36. Bf2 e5 37. g4 h5 38. h3 hxg4 39. hxg4 Kf6 40. Ng3 Ke6 41. Be3 Be7 42. Kf3 Bd8 43. Ne4 Nxe4 44. Kxe4 a5 45. Rc4 Rxc4+ 46. bxc4 a4 47. Ba7 Bc7 48. Bc5 Ba5 49. Bf8 Bc7 50. c5 Ba5 51. c6 Bb6 52. Bb4 Bd8 53. Bc5 Bc7 54. Be3 Bd8 55. Bf2 Ba5 56. Be3 Bd8 57. Bd2 Kd6 58. Bc3 Kxc6 59. Bxe5 Kc5 60. Bb2 Kb4 1/2-1/2

[Event "Kuala Lumpur op 3rd"]
[White "Makinano, Anthony"]
[Black "Ginting, Nasib"]
[Site "Kuala Lumpur"]
[Round "11"]
[Result "1-0"]
[Date "2006.08.27"]
[WhiteElo "2242"]
[BlackElo "2397"]
[PlyCount "127"]
[EventDate "2006.08.21"]
[EventType "swiss"]
[EventRounds "11"]
[EventCountry "MAS"]
[SourceTitle "CBM 114 Extra"]
[Source "ChessBase"]
[SourceDate "2006.11.03"]
[SourceVersion "1"]
[SourceVersionDate "2006.11.03"]
[SourceQuality "1"]

1. c4 g6 2. Nc3 Bg7 3. d4 Nf6 4. e4 d6 5. g3 0-0 6. Bg2 e5 7. d5 c6 8. Nge2 cxd5 9. cxd5 Nbd7 10. 0-0 b6 11. h3 a5 12. Be3 Ba6 13. a3 Qb8 14. f4 Bh6 15. b4 Bc4 16. Qd2 Re8 17. Rfb1 axb4 18. Rxb4 Rc8 19. Bf1 Ra5 20. a4 Ba6 21. Rab1 Rc4 22. Qb2 Bf8 23. Bxb6 Nxb6 24. Rxc4 Bxc4 25. Qxb6 Qxb6+ 26. Rxb6 Nd7 27. Rb4 Bxe2 28. Bxe2 exf4 29. gxf4 Bh6 30. Bb5 Nc5 31. Ne2 Bg7 32. Kg2 Kf8 33. Bc6 Ke7 34. Ng1 f5 35. exf5 gxf5 36. Ne2 Ra7 37. Kf3 Kf7 38. Ng3 Kf6 39. Nh5+ Kf7 40. Ng3 Kf6 41. Rb1 Bh6 42. Re1 Bf8 43. Be8 Kg7 44. Nxf5+ Kf6 45. Ng3 Re7 46. Nh5+ Kf5 47. Rg1 Ne4 48. Bb5 Nd2+ 49. Kf2 Ke4 50. Re1+ Kd4 51. Rxe7 Bxe7 52. Bc6 Bd8 53. Ke2 Ne4 54. Kf3 Nc3 55. Ng7 Kc4 56. Nf5 Nxd5 57. Nxd6+ Kd4 58. Nf7 Bc7 59. Bxd5 Kxd5 60. Kg4 h5+ 61. Kg5 Ke6 62. Ne5 Bd8+ 63. Kg6 h4 64. Nf3 1-0

[Event "Kuala Lumpur op 3rd"]
[White "Makinano, Anthony"]
[Black "Narayanan, Srinath"]
[Site "Kuala Lumpur"]
[Round "8"]
[Result "1-0"]
[Date "2006.08.25"]
[WhiteElo "2242"]
[BlackElo "2166"]
[PlyCount "65"]
[EventDate "2006.08.21"]
[EventType "swiss"]
[EventRounds "11"]
[EventCountry "MAS"]
[SourceTitle "CBM 114 Extra"]
[Source "ChessBase"]
[SourceDate "2006.11.03"]
[SourceVersion "1"]
[SourceVersionDate "2006.11.03"]
[SourceQuality "1"]

1. d4 Nf6 2. Nf3 c5 3. d5 b5 4. c4 Bb7 5. a4 b4 6. Nbd2 d6 7. g3 g6 8. Bg2 Bg7 9. 0-0 0-0 10. e4 e5 11. Ne1 Nfd7 12. Nd3 Na6 13. b3 Nc7 14. Bb2 Qe7 15. Qc2 Rae8 16. Rae1 a5 17. f4 f6 18. f5 g5 19. Bf3 Rd8 20. Kg2 Bc8 21. Rh1 Nb6 22. h4 h6 23. Nf2 Nd7 24. Bh5 Rf7 25. Ng4 Nf8 26. hxg5 hxg5 27. Rh2 Qd7 28. Reh1 Re7 29. Nf3 Ne8 30. Qd2 Qc7 31. Nxg5 fxg5 32. Qxg5 Nh7 33. Bf7+ 1-0

[Event "Kuala Lumpur op 3rd"]
[White "Wynn, Zaw Htung"]
[Black "Makinano, Anthony"]
[Site "Kuala Lumpur"]
[Round "1"]
[Result "0-1"]
[Date "2006.08.21"]
[WhiteElo "2572"]
[BlackElo "2242"]
[PlyCount "56"]
[EventDate "2006.08.21"]
[EventType "swiss"]
[EventRounds "11"]
[EventCountry "MAS"]
[SourceTitle "CBM 114 Extra"]
[Source "ChessBase"]
[SourceDate "2006.11.03"]
[SourceVersion "1"]
[SourceVersionDate "2006.11.03"]
[SourceQuality "1"]

1. c4 g6 2. Nc3 Bg7 3. g3 e5 4. Bg2 Nc6 5. d3 Nge7 6. Nf3 0-0 7. 0-0 d6 8. Rb1 f5 9. Nd2 Be6 10. Nd5 Rb8 11. b4 Qd7 12. b5 Nd8 13. Nxe7+ Qxe7 14. Qa4 Ra8 15. Ba3 a6 16. c5 Nf7 17. b6 c6 18. cxd6 Nxd6 19. Nc4 Bxc4 20. dxc4 Rfd8 21. Rfd1 Bf8 22. e3 Qe6 23. Bxc6 bxc6 24. b7 Rab8 25. Qxc6 Qd7 26. Qd5+ Qf7 27. c5 Rxb7 28. Qxf7+ Nxf7 0-1